Burkina Faso : Staff Report for 2009 Article IV Consultation, Fifth Review Under the Poverty Reduction and Growth Facility, and Requests for Augmentation of Access and Modification of Performance Criteria.

In 2008-09, economic activity in Burkina Faso was negatively affected by the increase in global food and fuel prices, the global economic and financial crisis, and heavy flooding in Ouagadougou in September 2009. These shocks are estimated to have contributed to a deterioration in poverty indicators...

وصف كامل

التفاصيل البيبلوغرافية
مؤلف مشترك: International Monetary Fund
التنسيق: دورية
اللغة:English
منشور في: Washington, D.C. : International Monetary Fund, 2010.
سلاسل:IMF Staff Country Reports; Country Report ; No. 2010/007
الوصول للمادة أونلاين:Full text available on IMF
LEADER 01840cas a2200241 a 4500
001 AALejournalIMF006227
008 230101c9999 xx r poo 0 0eng d
020 |c 5.00 USD 
020 |z 9781451804010 
022 |a 1934-7685 
040 |a BD-DhAAL  |c BD-DhAAL 
110 2 |a International Monetary Fund. 
245 1 0 |a Burkina Faso :   |b Staff Report for 2009 Article IV Consultation, Fifth Review Under the Poverty Reduction and Growth Facility, and Requests for Augmentation of Access and Modification of Performance Criteria. 
264 1 |a Washington, D.C. :  |b International Monetary Fund,  |c 2010. 
300 |a 1 online resource (102 pages) 
490 1 |a IMF Staff Country Reports 
500 |a <strong>Off-Campus Access:</strong> No User ID or Password Required 
500 |a <strong>On-Campus Access:</strong> No User ID or Password Required 
506 |a Electronic access restricted to authorized BRAC University faculty, staff and students 
520 3 |a In 2008-09, economic activity in Burkina Faso was negatively affected by the increase in global food and fuel prices, the global economic and financial crisis, and heavy flooding in Ouagadougou in September 2009. These shocks are estimated to have contributed to a deterioration in poverty indicators. Spending on emergency and humanitarian needs rose after the 2009 flooding. Fiscal stimulus measures were also adopted to support economic activity. Executive Directors have welcomed the authorities' resolve to enhance revenue performance and expenditure management while unwinding exceptional expenditure generated by adverse exogenous shocks. 
538 |a Mode of access: Internet 
830 0 |a IMF Staff Country Reports; Country Report ;  |v No. 2010/007 
856 4 0 |z Full text available on IMF  |u http://elibrary.imf.org/view/journals/002/2010/007/002.2010.issue-007-en.xml  |z IMF e-Library